ESSENTIALS OF MEDICAL PHYSIOLOGY (Record no. 22865)

MARC details
000 -LEADER
fixed length control field 00388nam a22001577a 4500
003 - CONTROL NUMBER IDENTIFIER
control field SGT
020 ## - INTERNATIONAL STANDARD BOOK NUMBER
International Standard Book Number 97852706921
082 ## - DEWEY DECIMAL CLASSIFICATION NUMBER
Classification number 612
Item number E21S
100 ## - MAIN ENTRY--PERSONAL NAME
Personal name SEMBULINGAM,K.
245 ## - TITLE STATEMENT
Title ESSENTIALS OF MEDICAL PHYSIOLOGY
250 ## - EDITION STATEMENT
Edition statement 8TH
260 ## - PUBLICATION, DISTRIBUTION, ETC. (IMPRINT)
Place of publication, distribution, etc NEW DELHI
Name of publisher, distributor, etc JAYPEE PUB
Year of Publication 2021
300 ## - PAGE DESCRIPTION
No. of Pages 1162
650 ## - SUBJECT ADDED ENTRY--TOPICAL TERM
Topical term or geographic name as entry element PHYSIOLOGY, ESSENTIALS PHYSIOLOGY, MEDICAL PHYSIOLOGY
942 ## - ADDED ENTRY ELEMENTS (KOHA)
Source of classification or shelving scheme Dewey Decimal Classification
Koha item type Books
942 ## - ADDED ENTRY ELEMENTS (KOHA)
-- 45
Holdings
Withdrawn status Lost status Source of classification or shelving scheme Damaged status Not for loan Collection code Home library Current library Shelving location Date acquired Vendor Name Cost, normal purchase price SGTU Bill Number Total Checkouts Full call number Accession No. (Barcode) Date last seen Date last borrowed Bill Date Koha item type Checked out
    Dewey Decimal Classification     AYURVEDA SGT FA-FP Library SGT FA-FP Library Text Book 20/06/2022 AHUJA PUBLICATION 1995.00 SGTU 14473 42 612 E21S FA11334 20/05/2026 06/05/2026 19/05/2022 Books  
    Dewey Decimal Classification     AYURVEDA SGT FA-FP Library SGT FA-FP Library Text Book 20/06/2022 AHUJA PUBLICATION 1995.00 SGTU 14473 59 612 E21S FA11335 04/05/2026 04/05/2026 19/05/2022 Books 18/05/2026